Best Cities in the World - Statistics

General Stats
  • This quiz has been taken 1,137 times
    714 since last reset
  • The average score is 42 of 60
Answer Stats
Measure Rank Hint City % Correct
RI Most Reputable Cities 2018 2 Oceania Sydney
96%
TripAdvisor Top Destinations 2 UK London
95%
TripAdvisor Top Destinations 5 France Paris
95%
RI Most Reputable Cities 2018 7 Europe Rome
92%
TripAdvisor Top Destinations 4 Italy Rome
92%
EIU Most Liveable Cities 2021 5 Asia Tokyo
91%
Monocle's Quality of Life Survey 2019 2 Asia Tokyo
91%
RI Most Reputable Cities 2018 1 Asia Tokyo
91%
TripAdvisor Top Destinations 3 UAE Dubai
90%
Lonely Planet Top Cities to Visit 2020 9 UAE Dubai
90%
TripAdvisor Top Destinations 9 Spain Barcelona
89%
EIU Most Liveable Cities 2021 9 Oceania Melbourne
89%
Monocle's Quality of Life Survey 2019 8 Europe Madrid
87%
Mercer Quality of Living Survey 2019 1 Europe Vienna
87%
Monocle's Quality of Life Survey 2019 5 Europe Vienna
87%
RI Most Reputable Cities 2018 4 Europe Vienna
87%
Monocle's Quality of Life Survey 2019 9 Europe Berlin
86%
EIU Most Liveable Cities 2021 1 Oceania Auckland
85%
Mercer Quality of Living Survey 2019 =3 Oceania Auckland
85%
TripAdvisor Top Destinations 10 Turkey Istanbul
85%
TripAdvisor Top Destinations 8 Thailand Bangkok
84%
EIU Most Liveable Cities 2021 6 Oceania Perth
82%
EIU Most Liveable Cities 2021 4 Oceania Wellington
82%
RI Most Reputable Cities 2018 5 Europe Stockholm
81%
Mercer Quality of Living Survey 2019 =3 Europe Munich
80%
Monocle's Quality of Life Survey 2019 3 Europe Munich
80%
RI Most Reputable Cities 2018 9 Europe Munich
80%
TripAdvisor Top Destinations 6 Vietnam Hanoi
78%
Mercer Quality of Living Survey 2019 8 Europe Copenhagen
77%
Monocle's Quality of Life Survey 2019 4 Europe Copenhagen
77%
RI Most Reputable Cities 2018 3 Europe Copenhagen
77%
Mercer Quality of Living Survey 2019 =3 N America Vancouver
77%
Lonely Planet Top Cities to Visit 2020 8 Canada Vancouver
77%
Lonely Planet Top Cities to Visit 2020 3 Egypt Cairo
76%
EIU Most Liveable Cities 2021 10 Oceania Brisbane
73%
EIU Most Liveable Cities 2021 7 Europe Zurich
71%
Mercer Quality of Living Survey 2019 2 Europe Zurich
71%
Monocle's Quality of Life Survey 2019 1 Europe Zurich
71%
RI Most Reputable Cities 2018 8 Europe Zurich
71%
Monocle's Quality of Life Survey 2019 6 Europe Helsinki
70%
EIU Most Liveable Cities 2021 3 Oceania Adelaide
66%
Mercer Quality of Living Survey 2019 7 Europe Frankfurt
66%
Monocle's Quality of Life Survey 2019 7 Europe Hamburg
66%
Lonely Planet Top Cities to Visit 2020 6 Bolivia La Paz
64%
EIU Most Liveable Cities 2021 2 Asia Osaka
60%
EIU Most Liveable Cities 2021 8 Europe Geneva
59%
Mercer Quality of Living Survey 2019 9 Europe Geneva
59%
Monocle's Quality of Life Survey 2019 10 Europe Lisbon
58%
RI Most Reputable Cities 2018 10 N America Montreal
56%
Lonely Planet Top Cities to Visit 2020 1 Austria Salzburg
54%
Lonely Planet Top Cities to Visit 2020 2 USA Washington
39%
RI Most Reputable Cities 2018 6 Europe Venice
33%
Mercer Quality of Living Survey 2019 6 Europe Dusseldorf
32%
Mercer Quality of Living Survey 2019 10 Europe Basel
29%
Lonely Planet Top Cities to Visit 2020 4 Ireland Galway
29%
Lonely Planet Top Cities to Visit 2020 10 USA Denver
24%
TripAdvisor Top Destinations 12 Cambodia Siem Reap
18%
Lonely Planet Top Cities to Visit 2020 5 Germany Bonn
15%
TripAdvisor Top Destinations 11 Vietnam Hoi An
9%
Lonely Planet Top Cities to Visit 2020 7 India Kochi
3%
No matching quizzes found
Score Distribution
Percent of People with Each Score
Percentile by Number Answered
Your Score History
You have not taken this quiz since the last reset